| 000 | 00653nam a2200217 i 4500 | ||
|---|---|---|---|
| 001 | 39466 | ||
| 003 | ES-MaACL | ||
| 005 | 20231114062530.0 | ||
| 007 | t| | ||
| 008 | 030303s1986 sp ||||1| spa d | ||
| 020 | _a84-322-0543-5 | ||
| 100 | 1 |
_aCano, José Luis, _d1912-1999 _934532 |
|
| 245 | 1 | 4 |
_aLos cuadernos de Velintonia _b: conversaciones con Vicente Alexaindre / _cJosé Luis Cano. |
| 250 | _a1ª ed. | ||
| 260 |
_aBarcelona : _bSeix Barral, _c1986. |
||
| 300 |
_a285 p. ; _c20 cm. |
||
| 490 | 1 | _aBiblioteca breve | |
| 830 | 0 |
_aBiblioteca breve (Seix Barral) _9227188 |
|
| 852 |
_aES-MaACL _jL-10000 _bR.112147 |
||
| 999 |
_c39466 _d39466 |
||